000
00224nam a22000857a 4500
008
160712b xxu||||| |||| 00| 0 eng d
100
_9
2633
_a
Kennedy, G
245
_a
A Second Readers Notebook
260
_a
N.Y
_b
Harper & Row
_c
1959
999
_c
2287
_d
2287